000 00563nam a2200193Ia 4500
003 GCL
008 140319s9999 xx 000 0 ara d
040 _aGCL /
_cGCL
082 0 4 _a194
_bأ ف
100 1 _aاوزياس جان مارى
245 1 0 _aالفلسفة والتقنيات /
_cاوزياس جان مارى
700 1 _aعادل العوا
260 _a[S.N] :
_bمنشورات عويدان ،
_c1983
300 _a187 ص
490 _a
650 0 4 _aالفلسفة الحديثة
650 0 4 _aالفلسفة الغربية
942 _2ddc
_cBK
999 _c36611
_d36611